Who Wrote That? #37 - Statistics

General Stats
  • This quiz has been taken 16 times
  • The average score is 5 of 10
Answer Stats
Hint Explanation Answer % Correct
There is only one thing in the world worse than being talked about, and that is not being talked about. The Picture of Dorian Gray Oscar Wilde
92%
Give every man thy ear, but few thy voice; Take each man's censure, but reserve thy judgment. Hamlet William Shakespeare
92%
UP at Lake Winna-Bango … the far northern shore …
Lives a huge herd of moose, about sixty or more,
And they all go around in a big happy bunch
Looking for nice tender moose-moss to munch.
Thidwick the Big-Hearted Moose Dr. Seuss
50%
It was the day my grandmother exploded. The Crow Road Iain Banks
42%
For some stories, it's easy. The moral of 'The Three Bears,' for instance, is 'Never break into someone else's house.' The moral of 'Snow White' is 'Never eat apples.' The moral of World War I is 'Never assassinate Archduke Ferdinand.' The Wide Window (A Series of Unfortunate Events, Vol. 3) Lemony Snicket
42%
Unwillingly Miranda wakes,
Feels the sun with terror,
One unwilling step she takes,
Shuddering to the mirror.

Miranda in Miranda's sight
Is old and gray and dirty;
Twenty-nine she was last night;
This morning she is thirty.
“A Lady Who Thinks She Is Thirty” Ogden Nash
42%
It is said that your life flashes before your eyes just before you die. That is true, it’s called Life. The Last Continent (Discworld, Vol. 22) Terry Pratchett
42%
When the shoe strings break
On both your shoes
And you're in a hurry—
That's the blues.
When you go to buy a candy bar
And you've lost the dime you had—
Slipped through a hole in your pocket somewhere—
That's the blues, too, and bad!
“The Blues” Langston Hughes
33%
I know something’s cooking
When you give me that look,
Your eyes appearing slightly crossed
Above your CPAP mask,
Which you start taking off,
The mask that saves you from death
By apnea but makes you look like a snorkeler
From dreamland or an escapee from a tear gas fight, …
“Still Doing It” Susan Browne
33%
For a while, Los Angeles and New York City were like yin and yang. You would go to Los Angeles to wear colorful exercise gear and eat local organic and be on television, and you would go to New York to wear no colors at all, spend a lot of money on rent in order to be murdered, and eat more cream cheese than a bagel. You Don't Have to Like Me Alida Nugent
17%
No matching quizzes found
Score Distribution
Percent of People with Each Score
Percentile by Number Answered
Your Score History
You have not taken this quiz